| 000 | 01077nam 22002653 4500 | ||
|---|---|---|---|
| 001 | 198903 | ||
| 010 | _a972-667-128-0 - vol.II | ||
| 021 |
_aPT _b22 451/88 - vol.I |
||
| 021 |
_aPT _b36042/90 vol.II |
||
| 090 | _a198903 | ||
| 100 | _a20251107 pory50 | ||
| 200 |
_aEstado e pranto da igreja = Status et planctus ecclesiae _fÁlvaro Pais _gprefácio Francisco da Gama Caeiro ; introdução João Morais Barbosa ; estabelecimento do texto e tradução de Miguel Pinto de Meneses |
||
| 205 | _a1ª | ||
| 210 |
_aLisboa _cInstituto Nacional de Investigação Científica _d1988-1990 |
||
| 215 |
_a2 v (541 ; 621, [8] p.) _cil. ; brochado _d23 cm |
||
| 305 | _a. - edição bilingue em português e latim | ||
| 606 |
_98153 _aIgreja Católica Romana |
||
| 675 |
_a272 _vPT _zpor |
||
| 700 |
_914808 _aPais _bÁlvaro _f1275-1349 |
||
| 702 |
_910269 _aCaeiro _bFrancisco da Gama _f1928 - 1994 |
||
| 702 |
_914809 _aBarbosa _bJoão Morais _f1945-1991 |
||
| 702 |
_914810 _aMeneses _bMiguel Augusto Pinto de _f1917-2004 |
||
| 801 |
_aPT _bBMMN _gRPC |
||
| 830 |
_cAna _fAna |
||
| 990 | _cLIVROS | ||